Представление документа в формате RUSMARC

ПолеНазваниеЗначение
  Тип записи i
  Библиографический уровень m
001 Контрольный номер RU/IS/BASE/312640456
005 Дата корректировки 20201206204706.0
010 Индекс ISBN __
d Цена 232-00
101 Язык документа __
a Язык текста rus
c Язык оригинала fre
200 Заглавие и сведения об ответственности 1_
a Заглавие Цитадель
e Сведения, относящиеся к заглавию [аудиокнига]
f Первые сведения об ответственности Антуан де Сент-Экзюпери ; читает Ирина Ерисанова ; пер. М. Кожевниковой ; [звукорежиссер Алеся Кузьмина ; корректор Светлана Рожкова ; вып. ред. Анастасия Коляскина]
b Общее обозначение материала Звукозапись
210 Выходные данные __
a Место издания М.
c Издательство АРДИС
d Дата издания 2006
215 Физическое описание __
a Объем 2 электрон. опт. диска (Audio CD) (21 ч. 29 мин.)
225 Серия __
a Серия XXI век
i Наименование части Зарубежная проза
300 Общие примечания __
a Общие примечания AudioCD ; mp3 ; 192 kbps ; 44.1 kHz ; mono
a Общие примечания Текст прочитана по изд. Сент-Экзюпери, А.де. Цитадель / А. Сент-экзюпери. - М. : Аст : ЛЮКС, 2004
323 Примечание о главных создателях, исполнителях, участниках __
a Примечание о главных создателях, исполнителях, участниках Ерисанова, И. (читает)
330 Аннотация __
a Аннотация В этом философском романе причудливо переплелись мотивы притчи и военной прозы, мемуары и литературные легенды, размышления о смысле жизни и духовные искания автора. Любовь к жизни упорное стремление понять свое время, гордость за беспредельные духовные возможности человека - такова философско-лирическая концепция романа
333 Примечание о целевом назначении __
a Примечание о целевом назначении 16+. Для детей старше 16 лет
606 Тематические рубрики __
a Основная рубрика Художественная литература
606 Тематические рубрики __
a Основная рубрика Литература Европы (произведения)
z Хронологическая подрубрика 20 в.
610 Ключевые слова __
a Ключевые слова зарубежная литература; иностранная литература; французская литература; тема человека; тема жизни; тема общества; тема гуманизма; тема ответственности; философские романы; романы; тема философии; философские размышления
686 Индексы других классификаций __
a Классификационный индекс 84(4Фра)-4я04
700 Автор _1
a Фамилия Сент-Экзюпери
b Имя А. де
f Даты 1900-1944
g Полное личное имя Антуан
4 Код отношения 070
702 Вторичная интеллектуальная ответственность _1
a Фамилия Кузьмина
b Имя А.
4 Код отношения Звукорежиссер
702 Вторичная интеллектуальная ответственность _1
a Фамилия Рожкова
b Имя С.
4 Код отношения Корректор
702 Вторичная интеллектуальная ответственность _1
a Фамилия Коляскина
b Имя А.
4 Код отношения Выпускающий редактор
702 Вторичная интеллектуальная ответственность _1
a Фамилия Кожевникова
b Имя М. Ю.
4 Код отношения Переводчик
801 Источник записи _0
a Страна RU
b Организация Муниципальное бюджетное учреждение культуры "Централизованная библиотечная система" г. Сургут (Центральная городская библиотека им. А. С. Пушкина)
g Правила каталогизации КиК/Поспелова
801 Источник записи _1
a Страна RU
b Организация Муниципальное бюджетное учреждение культуры "Централизованная библиотечная система" г. Сургут (Центральная городская библиотека им. А. С. Пушкина)
g Правила каталогизации КиК/Поспелова
852 Данные о местонахождении __
j Шифр хранения 84(4Фра)-4я04
c Каталожный индекс 84(4Фра)-4я04
i Авторский знак С 31
901 Тип документа __
t Тип документа 0
903 Характеристики (МАРС) __
a Дата передачи 20091127
969 Тип издания __
a Тип издания аудиокнига
990 Данные о заказе (DOS) __
j Количество экземпляров (DOS) 2
h N записи в КСУ для Б/У (DOS) 200911